一駅あたりの人口TOP50・ワースト50-中部- - Statistics

General Stats
  • This quiz has been taken 9 times
  • The average score is 71 of 100
Answer Stats
順位 人口/駅数(人) 自治体名 % Correct
1 135865 藤枝市
100%
3 51515 土岐市
100%
8 46108 菊川市
100%
14 34381.33 小松市
100%
30 24655.44 静岡市
100%
33 23714.13 岡崎市
100%
35 22300.5 岡谷市
100%
40 20588.78 安城市
100%
45 19517 加賀市
100%
46 19508.26 一宮市
100%
47 19198.38 刈谷市
100%
26 1985.25 津南町
100%
2 66002.5 焼津市
88%
7 46542 諏訪市
88%
10 43557 袋井市
88%
16 32695.83 岐阜市
88%
20 30775 甲府市
88%
21 30255.7 春日井市
88%
28 26171.79 新潟市
88%
31 24106 小牧市
88%
37 21629.29 金沢市
88%
42 20399.83 富士宮市
88%
43 20221.6 多治見市
88%
48 18159.5 知立市
88%
49 18017.29 長岡市
88%
1 186.8 天龍村
88%
3 340.5 泰阜村
88%
36 2594.64 糸魚川市
88%
39 2701.2 新城市
88%
40 2807 大野市
88%
47 3101.9 魚沼市
88%
48 3152 白川町
88%
4 48305 能美市
75%
5 47828.5 江南市
75%
6 46694 大府市
75%
9 44865 沼津市
75%
18 31219 日進市
75%
19 31019 みよし市
75%
22 29079 津島市
75%
23 27369.5 茅野市
75%
24 27265 御殿場市
75%
25 26873 磐田市
75%
32 23919 裾野市
75%
34 22740 加茂市
75%
38 21223.75 あま市
75%
41 20483.6 三島市
75%
50 17917.05 長野市
75%
2 272.11 川根本町
75%
9 1105.63 身延町
75%
15 1560.25 南部町
75%
16 1631.52 黒部市
75%
24 1942.4 白馬村
75%
25 1954.22 飯山市
75%
27 2018 湯沢町
75%
30 2226.75 南越前町
75%
41 2843 辰野町
75%
43 2875.43 大月市
75%
44 2917 飛騨市
75%
49 3168.33 木曽町
75%
11 43121 北名古屋市
63%
12 37821 甲斐市
63%
13 36725 見附市
63%
15 34055 豊明市
63%
26 26782 小矢部市
63%
36 21653.5 長泉町
63%
44 19518.5 氷見市
63%
4 351.25 栄村
63%
5 529.4 小谷村
63%
7 1003 大桑村
63%
10 1162 南木曽町
63%
11 1177.14 阿賀町
63%
14 1541.7 郡上市
63%
22 1832.5 上松町
63%
28 2071 刈羽村
63%
31 2242 麻績村
63%
32 2365 木祖村
63%
34 2375.5 佐久穂町
63%
50 3184.33 松川村
63%
17 32337 笛吹市
50%
29 24993 垂井町
50%
39 20747.75 尾張旭市
50%
6 722 南牧村
50%
17 1647.64 永平寺町
50%
21 1803.57 若狭町
50%
23 1911.57 市川三郷町
50%
29 2094.4 東伊豆町
50%
35 2483 東栄町
50%
37 2650 本巣市
50%
38 2684.11 大町市
50%
8 1084.75 関川村
38%
12 1230.67 筑北村
38%
13 1315 小海町
38%
19 1791.77 立山町
38%
20 1800 出雲崎町
38%
33 2371.75 高浜町
38%
45 3009 河津町
38%
27 26274 岐南町
25%
42 2859 七宗町
25%
18 1691 飯島町
13%
46 3091.25 高森町
13%
No matching quizzes found
Score Distribution
Percent of People with Each Score
Percentile by Number Answered
Your Score History
You have not taken this quiz